Tajomstvo Dračej Hory 2
| Other Authors: | |
|---|---|
| Format: | Video DVD |
| Language: | English Slovak Czech Hungarian |
| PhysicalDescription: | 1 videodisk (DVD) (73 min.) fareb., zvuk. 12 cm |
| Published: |
Bratislava
Intersonic
2008
|
| Subjects: |
MARC
| LEADER | 00000ngm a2200000 a 4500 | ||
|---|---|---|---|
| 001 | vtls009329698 | ||
| 003 | SK-MaSNL | ||
| 005 | 20260301210853.0 | ||
| 007 | vd cvaizs | ||
| 008 | 080904s2008 xo 073 c vaeng | ||
| 028 | 4 | 2 | |a 99390 |b Intersonic |
| 040 | |a SNK |b slo |c SNK |e AACR2 | ||
| 041 | 1 | |a eng |a slo |a cze |a hun |h eng | |
| 044 | |a xo |c SK | ||
| 072 | 7 | |a 791 |x Film. Cirkus. Ľudová zábava |2 konspekt | |
| 080 | |a 791.228 |2 2001 | ||
| 080 | |a (0.034.44) |2 2001 | ||
| 130 | 4 | |a The Magic Cube |l Slovensky |9 594950 | |
| 245 | 1 | 0 | |a Tajomstvo Dračej Hory |n 2 |h videozáznam |c [réžia] Angel Izquierdo |
| 260 | |a Bratislava |b Intersonic |c 2008 | ||
| 300 | |a 1 videodisk (DVD) (73 min.) |b fareb., zvuk. |c 12 cm | ||
| 500 | |a Zvuk Dolby Digital ; obraz PAL 16:9 | ||
| 500 | |a Voľné pokračovanie rozprávky Tajomstvo Dračej hory | ||
| 500 | |a Názov z obalu | ||
| 546 | |a V originálnom angl. znení, čes., slov., maď. dabing | ||
| 650 | 0 | 7 | |a animované filmy |2 SNKPH |9 3171 |
| 650 | 0 | 7 | |a filmové rozprávky |2 SNKPH |9 73150 |
| 655 | 7 | |a DVD |2 SNKPH |9 70751 | |
| 700 | 1 | |a Izquierdo, Angel |9 594951 | |
| 999 | |c 915049 |d 916979 | ||
| 952 | |a SNK |b SNK |y PREZ |7 0 |p 17A0598271 |o snkSDVD 334 |i snk2008/16387 |8 0 |0 0 |1 0 |4 0 |d 2008-09-04 |l 0 |r 2026-02-24 07:56:50 |w 2026-02-24 | ||


